000 00311nam a2200133Ia 4500
100 _aEary/D.F & Reed/E.A
942 _cBK
654 _aSheet Metal
245 _aTechniques of Pressworking Sheet Metal 2nd ended
260 _bPrentice-hall
_aLondon
_c1974
300 _a596
546 _aENGLISH
999 _c26475
_d26475